000 00440nam a2200181 a 4500
001 11086
003 CO-ViMGA
008 141112s2004 ck r 000 u spa d
020 _a019814511X
040 _aCO-ViMGA
_bspa
_cCO-ViMGA
082 0 4 _a185.1 E74a
100 1 _aAristoteles,
_915350
245 1 0 _aAristoteles ethica nicomachea
300 _a264 p.
490 _aScriptorum classicorum
650 1 4 _aética
_915351
942 _2ddc
_cBK
999 _c22301
_d22301